000 00598nam a2200217 i 4500
001 15127
003 ES-MaACL
005 20230906151009.0
007 t|
008 991222s1998 sp ||||1| spa d
080 _a159.964.2
100 1 _aIndart, Juan Carlos.
_965246
245 1 0 _aMetonimia y goce /
_cJuan Carlos Indart.
260 _aMadrid :
_bJ.C. Indart,
_c1998.
300 _a98 p. ;
_c21 cm.
490 1 _aBiblioteca del taller
650 1 4 _aPsicoanálisis.
_916530
830 0 _aBiblioteca del taller
_9179724
852 _aES-MaACL
_jL-22299
_bR.127745
999 _c15127
_d15127